[Event "III.International Chess Festiv"]
[Site "Eforie Nord"]
[Date "2011.06.26"]
[Round "7.8"]
[White "Jiroveanu, George"]
[Black "Ionescu, Mihai"]
[Result "1/2-1/2"]
[WhiteElo "2218"]
[BlackElo "2340"]
[PlyCount "108"]
[EventDate "2011.06.20"]

1. e4 d5 2. exd5 Qxd5 3. Nc3 Qa5 4. d4 Nf6 5. Nf3 c6 6. Ne5 Be6 7. Nc4 Bxc4 8.
Bxc4 e6 9. O-O Bd6 10. Qe2 Qc7 11. h3 O-O 12. Ne4 Nxe4 13. Qxe4 Nd7 14. Bd3 g6
15. c4 c5 16. Be3 cxd4 17. Bxd4 Nc5 18. Bxc5 Bxc5 19. Be2 Rad8 20. Rad1 e5 21.
Bf3 Rd4 22. Rxd4 Bxd4 23. b3 b6 24. Qe2 f5 25. Bd5+ Kg7 26. Rd1 Qc5 27. Qd2 a5
28. Kf1 Qb4 29. Qe2 Qc5 30. Qd2 Re8 31. g3 Qb4 32. Qe2 Re7 33. g4 fxg4 34. hxg4
Qc3 35. Kg2 Bc5 36. g5 e4 37. Qg4 Qe5 38. Re1 Qf5 39. Rxe4 Qxf2+ 40. Kh3 Qf1+
41. Qg2 Qxg2+ 42. Kxg2 Rxe4 43. Bxe4 Be7 44. a3 Bxg5 45. b4 Be7 46. bxa5 bxa5
47. a4 h5 48. Bc6 g5 49. Be8 Kh6 50. Kf3 Bd6 51. Ke4 g4 52. Kf5 g3 53. Bc6 h4
54. Kg4 Be7 1/2-1/2

[Event "III.International Chess Festiv"]
[Site "Eforie Nord"]
[Date "2011.06.26"]
[Round "7.10"]
[White "Telea, Stefan"]
[Black "Nevednichy, Boris M"]
[Result "1/2-1/2"]
[WhiteElo "2110"]
[BlackElo "2269"]
[PlyCount "72"]
[EventDate "2011.06.20"]

1. Nf3 d5 2. d4 Nf6 3. c4 c6 4. e3 g6 5. Nc3 Bg7 6. Bd3 O-O 7. O-O Bg4 8. h3
Bxf3 9. Qxf3 e6 10. Rd1 Nbd7 11. e4 dxe4 12. Bxe4 Nxe4 13. Nxe4 h6 14. Bf4 Qb6
15. Rd2 e5 16. dxe5 Nxe5 17. Bxe5 Bxe5 18. Nf6+ Bxf6 19. Qxf6 Qb4 20. Rd7 Rae8
21. b3 a5 22. Rad1 Re6 23. Qf4 g5 24. Qf5 a4 25. R1d3 axb3 26. axb3 b5 27. cxb5
cxb5 28. Rf3 Qe1+ 29. Kh2 Qe5+ 30. g3 Qxf5 31. Rxf5 Rb6 32. b4 Kg7 33. Kg2 Kg6
34. Rdd5 Rc8 35. Rxb5 Rcb8 36. Rxb6+ Rxb6 1/2-1/2

[Event "III.International Chess Festiv"]
[Site "Eforie Nord"]
[Date "2011.06.27"]
[Round "8.3"]
[White "Miron, Lucian-Costin"]
[Black "Manolache, Marius"]
[Result "0-1"]
[WhiteElo "2506"]
[BlackElo "2545"]
[PlyCount "70"]
[EventDate "2011.06.20"]

1. d4 d6 2. Nf3 Nf6 3. c4 g6 4. g3 c6 5. Bg2 Bg7 6. O-O a6 7. b3 O-O 8. Bb2 b5
9. cxb5 axb5 10. Re1 Na6 11. Nc3 Qb6 12. e4 Bg4 13. h3 Bxf3 14. Qxf3 e5 15.
dxe5 dxe5 16. a4 Nc5 17. Qe3 b4 18. Na2 Rfd8 19. Red1 Qa5 20. Rac1 Rxd1+ 21.
Rxd1 Ne6 22. Rc1 c5 23. Bxe5 Ng4 24. hxg4 Bxe5 25. Kh2 Rd8 26. Qe2 Qa7 27. Rd1
Rxd1 28. Qxd1 c4 29. f4 Nxf4 30. Nxb4 Qf2 31. Qf3 Qxg2+ 32. Qxg2 Nxg2 33. bxc4
Ne3 34. c5 Nc4 35. c6 Na5 0-1

[Event "III.International Chess Festiv"]
[Site "Eforie Nord"]
[Date "2011.06.27"]
[Round "8.5"]
[White "Cosma, Ioan"]
[Black "Maksimov, Oleg"]
[Result "1/2-1/2"]
[WhiteElo "2410"]
[BlackElo "2333"]
[PlyCount "176"]
[EventDate "2011.06.20"]

1. d4 Nf6 2. Nf3 g6 3. c4 Bg7 4. g3 O-O 5. Bg2 d6 6. O-O Nbd7 7. Nc3 e5 8. e4
exd4 9. Nxd4 Re8 10. h3 c6 11. Re1 a5 12. Rb1 Nc5 13. b3 d5 14. cxd5 Nxd5 15.
exd5 Rxe1+ 16. Qxe1 Bxd4 17. Be3 Nd3 18. Qd2 Bxe3 19. Qxe3 Nb4 20. dxc6 Nxc6
21. Rd1 Qf8 22. Nd5 Be6 23. Nc7 Rd8 24. Rxd8 Nxd8 25. Nxe6 Nxe6 26. Bxb7 Qd6
27. Bg2 h5 28. h4 Nd4 29. Qe4 Qc5 30. Bf1 Nf5 31. Bc4 Kg7 32. Qd5 Qc7 33. a4
Nd6 34. Qe5+ Kh7 35. Qd4 Nf5 36. Qf6 Nh6 37. Qf4 Qe7 38. Qd2 Qc5 39. Qd5 Qb4
40. Kf1 Qc3 41. Qb7 Kg7 42. Qe7 Qb2 43. Qe2 Qd4 44. Qe7 Qb2 45. Kg2 Qc3 46. Qc7
Kf8 47. Qd8+ Kg7 48. Qe8 Qf6 49. Qe1 Ng4 50. Be2 Qe5 51. Qd2 Nh6 52. Bb5 Ng4
53. Bc6 Qc5 54. Bf3 Ne5 55. Qe3 Qc7 56. Qd4 Kh7 57. Be4 Ng4 58. Bf3 Ne5 59. Qd5
Kg7 60. Be2 Qc3 61. Bc4 Kh6 62. Qe4 Kg7 63. Qe2 Ng4 64. Qf3 Qxf3+ 65. Kxf3 f6
66. Ke2 Kf8 67. f3 Ne5 68. Ke3 Ke7 69. Be2 Kd6 70. Kd4 g5 71. f4 gxf4 72. gxf4
Ng6 73. Bxh5 Nxh4 74. Kc4 Ng2 75. Kb5 Nxf4 76. Bd1 Nd5 77. Bf3 Nb4 78. Kxa5 Kc5
79. Be4 Na2 80. Ka6 Nc3 81. Bf3 f5 82. Ka5 Na2 83. Bh1 Nb4 84. Bg2 f4 85. Bh1
Nc6+ 86. Ka6 Nd4 87. Kb7 Nxb3 88. Kc7 Kb4 1/2-1/2

[Event "III.International Chess Festiv"]
[Site "Eforie Nord"]
[Date "2011.06.27"]
[Round "8.6"]
[White "Ogleznev, Alexandr"]
[Black "Agafii, Victor"]
[Result "1/2-1/2"]
[WhiteElo "2335"]
[BlackElo "2253"]
[PlyCount "26"]
[EventDate "2011.06.20"]

1. e4 e6 2. d4 d5 3. exd5 exd5 4. Bd3 Nf6 5. Nf3 Be7 6. O-O O-O 7. h3 h6 8. Re1
Be6 9. Nbd2 Nbd7 10. c3 c5 11. dxc5 Nxc5 12. Bc2 Bd6 13. Nd4 Re8 1/2-1/2

[Event "III.International Chess Festiv"]
[Site "Eforie Nord"]
[Date "2011.06.27"]
[Round "8.7"]
[White "Ionescu, Irina"]
[Black "Cosma, Elena-Luminita"]
[Result "1/2-1/2"]
[WhiteElo "2245"]
[BlackElo "2328"]
[PlyCount "21"]
[EventDate "2011.06.20"]

1. e4 e6 2. d4 d5 3. exd5 exd5 4. Nf3 Nf6 5. Bd3 Bd6 6. O-O O-O 7. c3 c6 8. Bg5
Bg4 9. Nbd2 Nbd7 10. Qc2 h6 11. Bh4 1/2-1/2

[Event "III.International Chess Festiv"]
[Site "Eforie Nord"]
[Date "2011.06.27"]
[Round "8.8"]
[White "Petrosian, Suren"]
[Black "Jiroveanu, George"]
[Result "1-0"]
[WhiteElo "2392"]
[BlackElo "2218"]
[PlyCount "94"]
[EventDate "2011.06.20"]

1. c4 e5 2. Nc3 Nc6 3. Nf3 Nf6 4. g3 Bb4 5. Bg2 Bxc3 6. dxc3 Qe7 7. Qc2 O-O 8.
O-O d6 9. Rd1 e4 10. Ng5 Bf5 11. Be3 h6 12. Nh3 Qe6 13. Nf4 Qxc4 14. b3 Qa6 15.
c4 Rfe8 16. h3 Re7 17. a3 b6 18. b4 Ne5 19. Rd4 c5 20. b5 cxd4 21. bxa6 dxe3
22. fxe3 Rc8 23. g4 Bh7 24. Rc1 g5 25. Nh5 Nxh5 26. gxh5 d5 27. Qd2 dxc4 28.
Qd6 Re6 29. Qd5 Kg7 30. Qb7 Rc5 31. Qxa7 Ra5 32. Qb7 b5 33. a7 Rea6 34. Qc7 Kf6
35. a8=Q Rxa8 36. Qd6+ Kg7 37. Qxe5+ Kg8 38. Qc5 Rxa3 39. Qxb5 Rxe3 40. Qxc4
Rea3 41. Rf1 R8a7 42. Rf6 R3a4 43. Qd5 R4a5 44. Qd8+ Kg7 45. Qd4 Kg8 46. Rd6
Ra8 47. Rd8+ Rxd8 1-0

[Event "III.International Chess Festiv"]
[Site "Eforie Nord"]
[Date "2011.06.27"]
[Round "8.9"]
[White "Nevednichy, Boris M"]
[Black "Zozulia, Anna"]
[Result "1/2-1/2"]
[WhiteElo "2269"]
[BlackElo "2371"]
[PlyCount "158"]
[EventDate "2011.06.20"]

1. e4 c5 2. Nf3 e6 3. c3 Nf6 4. Bd3 c4 5. Bc2 d5 6. e5 Nfd7 7. O-O Nc6 8. Re1
Qc7 9. Qe2 g5 10. Nxg5 Qxe5 11. Qxe5 Ndxe5 12. f4 Bc5+ 13. Kf1 h6 14. Ne4 dxe4
15. fxe5 Nxe5 16. Rxe4 f6 17. b4 Bd6 18. Na3 Bd7 19. Nxc4 Nxc4 20. Rxc4 Bb5 21.
Bd3 Bxc4 22. Bxc4 Ke7 23. h3 Rhg8 24. Bb2 Rg5 25. Re1 Rf5+ 26. Kg1 Re5 27. Be2
Rg8 28. a3 Re4 29. Kf1 Bg3 30. Rd1 Rd8 31. d3 Re5 32. c4 Rf5+ 33. Bf3 b6 34.
Ke2 h5 35. a4 h4 36. b5 Bd6 37. Bc3 Rc5 38. a5 bxa5 39. Bxa5 Rg8 40. Be1 Rh8
41. Ra1 Re5+ 42. Be4 f5 43. Rxa7+ Kf6 44. Rd7 fxe4 45. d4 Rg5 46. Rxd6 Rxg2+
47. Ke3 Rh2 48. d5 Rxh3+ 49. Kxe4 Re8 50. b6 Rh1 51. Bc3+ Kf7 52. Rd7+ Kg6 53.
d6 h3 54. Rg7+ Kh6 55. Re7 Rd8 56. Rxe6+ Kh5 57. Be5 h2 58. Bxh2 Rxh2 59. b7
Rb2 60. Re7 Kg5 61. c5 Kf6 62. Kd5 Rb8 63. Kc6 Rb3 64. Rc7 Rb2 65. d7 Rd8 66.
Rc8 Ke7 67. Rc7 Rb1 68. Rc8 Rb2 69. Ra8 Rb1 70. Ra6 Rh1 71. Rb6 Rhh8 72. Rb2
Rh6+ 73. Kb5 Kxd7 74. Rd2+ Kc7 75. Rxd8 Kxb7 76. Rd6 Rh7 77. Rg6 Rf7 78. Ra6
Rf5 79. Re6 Rf7 1/2-1/2

[Event "III.International Chess Festiv"]
[Site "Eforie Nord"]
[Date "2011.06.27"]
[Round "8.10"]
[White "Ionescu, Mihai"]
[Black "Postolachi, Viorel"]
[Result "0-1"]
[WhiteElo "2340"]
[BlackElo "2111"]
[PlyCount "142"]
[EventDate "2011.06.20"]

1. Nf3 c5 2. c4 Nc6 3. d4 cxd4 4. Nxd4 Nf6 5. Nc3 e6 6. g3 Bb4 7. Bg2 O-O 8.
O-O a6 9. Nc2 Be7 10. Bf4 d6 11. Qd2 Qc7 12. Rfd1 Rd8 13. Rac1 h6 14. h4 Rb8
15. b3 Nh5 16. Be3 Ne5 17. Na4 b6 18. Nb4 f5 19. Bd4 Rf8 20. Bxe5 dxe5 21. Nc6
Ba3 22. Rc3 e4 23. Nxb8 Qxb8 24. Qd4 f4 25. Qxb6 Qe5 26. Qd4 Qc7 27. c5 fxg3
28. fxg3 Nxg3 29. Qe3 Nf5 30. Qxe4 a5 31. Qc6 Qf7 32. Rf1 Bd7 33. Qe4 Bb4 34.
c6 Bxc3 35. Nxc3 Bc8 36. Nb5 Qe7 37. Nd4 Nxh4 38. Rxf8+ Kxf8 39. Bh3 Qg5+ 40.
Kh2 Nf5 41. Nxf5 exf5 42. Qe5 Qe7 43. Qxa5 Qd6+ 44. Kg1 Qxc6 45. Qd8+ Kf7 46.
Bg2 Qc5+ 47. Kf1 Be6 48. Qd2 g5 49. Qb2 g4 50. b4 Qe3 51. Qc2 Qf4+ 52. Kg1 Qxb4
53. Qc7+ Kg6 54. Qe5 Qb6+ 55. Kh2 Bxa2 56. e4 Be6 57. exf5+ Bxf5 58. Qe8+ Kg5
59. Qe7+ Qf6 60. Qe3+ Kg6 61. Qe8+ Kg7 62. Qb8 h5 63. Qc7+ Kg6 64. Bc6 Qb2+ 65.
Kg3 Qc3+ 66. Kf2 Qd4+ 67. Ke1 Qe3+ 68. Kd1 g3 69. Qd6+ Kg5 70. Qd8+ Kg4 71.
Qg8+ Kh3 0-1

[Event "III.International Chess Festiv"]
[Site "Eforie Nord"]
[Date "2011.06.28"]
[Round "9.1"]
[White "Peptan, Corina-Isabela"]
[Black "Fedorov, Alexei"]
[Result "1-0"]
[WhiteElo "2421"]
[BlackElo "2592"]
[PlyCount "89"]
[EventDate "2011.06.20"]

1. e4 c5 2. c3 d6 3. d4 Qc7 4. Nf3 g6 5. dxc5 Qxc5 6. Be3 Qa5 7. Bd4 e5 8. Be3
Nf6 9. Nbd2 h6 10. Bc4 Qc7 11. O-O Nc6 12. a4 Bg7 13. Nh4 g5 14. Nhf3 Be6 15.
Qe2 Rd8 16. h4 Bxc4 17. Qxc4 d5 18. exd5 Nxd5 19. Rfe1 f6 20. Nf1 b6 21. Rad1
Nce7 22. Qxc7 Nxc7 23. Rxd8+ Kxd8 24. a5 bxa5 25. Bxa7 Kd7 26. Bc5 Ned5 27. Ng3
Bf8 28. Bxf8 Rxf8 29. Nf5 g4 30. Nd2 Ke6 31. Nd4+ Kf7 32. N4b3 Ra8 33. Ra1 a4
34. Nc5 Nb6 35. Kf1 Ncd5 36. g3 f5 37. Nd3 Kf6 38. c4 e4 39. cxd5 exd3 40. Ra3
Rc8 41. Rxd3 Rc2 42. d6 Ke6 43. b4 a3 44. Nb3 a2 45. Nd4+ 1-0

[Event "III.International Chess Festiv"]
[Site "Eforie Nord"]
[Date "2011.06.28"]
[Round "9.3"]
[White "Tiviakov, Sergei"]
[Black "Gavrilov, Alexei"]
[Result "1-0"]
[WhiteElo "2622"]
[BlackElo "2478"]
[PlyCount "77"]
[EventDate "2011.06.20"]

1. e4 e5 2. Nf3 Nc6 3. Bb5 a6 4. Ba4 Nf6 5. Qe2 b5 6. Bb3 Be7 7. c3 O-O 8. d4
d6 9. Nbd2 exd4 10. cxd4 Bg4 11. Qe3 Na5 12. Bc2 Bh5 13. b3 c5 14. Bb2 Nc6 15.
h3 Bxf3 16. Nxf3 cxd4 17. Nxd4 Nxd4 18. Bxd4 Rc8 19. Bd3 d5 20. e5 Bb4+ 21. Ke2
Ne4 22. Bxe4 dxe4 23. Qxe4 f5 24. Qd3 Qd5 25. Rac1 Qxg2 26. Rhg1 Qd5 27. Rxg7+
Kxg7 28. e6+ Kg6 29. Rg1+ Kh5 30. Rg5+ Kxg5 31. Be3+ Kf6 32. Qxd5 Bc3 33. h4
Rce8 34. Qd6 Rg8 35. Bg5+ Kg6 36. Kf3 b4 37. Qd7 Rgf8 38. Kf4 Bf6 39. h5+ 1-0

[Event "III.International Chess Festiv"]
[Site "Eforie Nord"]
[Date "2011.06.28"]
[Round "9.6"]
[White "Postolachi, Viorel"]
[Black "Ogleznev, Alexandr"]
[Result "0-1"]
[WhiteElo "2111"]
[BlackElo "2335"]
[PlyCount "72"]
[EventDate "2011.06.20"]

1. e4 c5 2. Nf3 e6 3. b3 d6 4. Bb2 Nf6 5. Nc3 Be7 6. g3 O-O 7. Bg2 Nbd7 8. O-O
Rb8 9. d4 cxd4 10. Qxd4 b5 11. a4 a6 12. axb5 axb5 13. Rfd1 b4 14. Ne2 e5 15.
Qd3 Bb7 16. Nd2 Ng4 17. Qf3 f5 18. Ra7 Bc6 19. h3 Nh6 20. Qe3 fxe4 21. Nxe4 d5
22. Qd3 Nc5 23. Nxc5 Bxc5 24. Rxg7+ Kxg7 25. Bxe5+ Kg8 26. Bxb8 Bxf2+ 27. Kh2
Qxb8 28. Bxd5+ Bxd5 29. Qxd5+ Kh8 30. Qg5 Nf5 31. h4 Qe8 32. Qg4 Qe5 33. Rd7
Nxg3 34. Nf4 Nh5 35. Qxh5 Qxf4+ 36. Kh3 Qg3# 0-1

[Event "III.International Chess Festiv"]
[Site "Eforie Nord"]
[Date "2011.06.28"]
[Round "9.7"]
[White "Agafii, Victor"]
[Black "Ionescu, Irina"]
[Result "0-1"]
[WhiteElo "2253"]
[BlackElo "2245"]
[PlyCount "72"]
[EventDate "2011.06.20"]

1. d4 d5 2. c4 c6 3. cxd5 cxd5 4. Nc3 Nf6 5. Bf4 Nc6 6. e3 a6 7. Bd3 Bg4 8.
Nge2 e6 9. O-O Be7 10. f3 Bh5 11. Rc1 O-O 12. Na4 Nd7 13. a3 Bg6 14. b4 Rc8 15.
Nc5 Nxc5 16. bxc5 Qa5 17. Bxg6 hxg6 18. Rb1 e5 19. Bg3 exd4 20. exd4 Qxa3 21.
Rxb7 Bf6 22. Qd2 Rfe8 23. Rd1 Na5 24. Rbb1 Nc4 25. Qe1 Qa2 26. Kf2 Bg5 27. f4
Bd8 28. Rdc1 Ba5 29. Qd1 Bd2 30. Ra1 Be3+ 31. Kf3 Qb2 32. Rc2 Nd2+ 33. Kg4 Qb5
34. Bh4 Qd7+ 35. Kg3 Nc4 36. Qd3 Bg1 0-1

[Event "III.International Chess Festiv"]
[Site "Eforie Nord"]
[Date "2011.06.28"]
[Round "9.9"]
[White "Zozulia, Anna"]
[Black "Stegariu, Vlad-Ionut"]
[Result "1-0"]
[WhiteElo "2371"]
[BlackElo "2220"]
[PlyCount "61"]
[EventDate "2011.06.20"]

1. e4 c5 2. Nf3 e6 3. d4 cxd4 4. Nxd4 a6 5. Nc3 Qc7 6. Be2 Nf6 7. O-O Nc6 8.
Nb3 b5 9. a3 Bb7 10. f4 d6 11. Kh1 Be7 12. Bd3 O-O 13. Qf3 Rac8 14. Be3 b4 15.
axb4 Nxb4 16. Nd4 Nd7 17. Qg3 Bf6 18. Rae1 Nxd3 19. cxd3 Rfe8 20. Nf3 e5 21. d4
exd4 22. Bxd4 Bxd4 23. Nxd4 Qd8 24. Nf5 Qf6 25. Qg4 Re6 26. Rd1 Nc5 27. e5 dxe5
28. fxe5 Qg6 29. Ne7+ Kf8 30. Nxg6+ Rxg6 31. Qxc8+ 1-0